Formuła 1 - kalendarz na sezon 1951 - Statystyki

Ogólne statystyki
  • Ten quiz został rozwiązany 134 razy
  • Średni wynik to 7 z 8
Statystyki odpowiedzi
Runda Nazwa GP % Poprawnych
5 Grand Prix Wielkiej Brytanii
97%
7 Grand Prix Włoch
96%
4 Grand Prix Francji
92%
6 Grand Prix Niemiec
90%
3 Grand Prix Belgii
88%
2 Indianapolis 500
87%
8 Grand Prix Hiszpanii
85%
1 Grand Prix Szwajcarii
64%
Nie znaleziono quizów pasujących do podanych kryteriów
Rozkład punktacji
Procent ludzi z każdym wynikiem
Percentyl według liczby udzielonych odpowiedzi
Twoja historia wyników
Nie rozwiązałeś tego quizu